نشأة الإنسان بين التوراة والقرآن ونظرية دارون / (رقم التسجيلة. 121108)
[ عرض عادي ]
| 000 -LEADER | |
|---|---|
| fixed length control field | 00615nam a22001937a 4500 |
| 005 - DATE AND TIME OF LATEST TRANSACTION | |
| control field | 20251108174913.0 |
| 008 - FIXED-LENGTH DATA ELEMENTS--GENERAL INFORMATION | |
| fixed length control field | 250721s2010 xx 000 0 ara d |
| 082 14 - DEWEY DECIMAL CLASSIFICATION NUMBER | |
| Classification number | 211.957501/شاع |
| 100 1# - MAIN ENTRY--PERSONAL NAME | |
| Personal name | الشاعر، عمرو |
| Relator term | مؤلف |
| 245 10 - TITLE STATEMENT | |
| Title | نشأة الإنسان بين التوراة والقرآن ونظرية دارون / |
| 264 1# - PRODUCTION, PUBLICATION, DISTRIBUTION, MANUFACTURE, AND COPYRIGHT NOTICE | |
| Place of production, publication, distribution, manufacture | الجيزة : |
| Name of producer, publisher, distributor, manufacturer | مكتبة النافذة، |
| Date of production, publication, distribution, manufacture, or copyright notice | 2010. |
| 300 ## - PHYSICAL DESCRIPTION | |
| Extent | 310ص. |
| 650 17 - SUBJECT ADDED ENTRY--TOPICAL TERM | |
| Topical term or geographic name as entry element | القرآن الكريم |
| 650 17 - SUBJECT ADDED ENTRY--TOPICAL TERM | |
| Topical term or geographic name as entry element | علم الوراثة |
| 650 17 - SUBJECT ADDED ENTRY--TOPICAL TERM | |
| Topical term or geographic name as entry element | نظرية التطور |
| 653 ## - INDEX TERM--UNCONTROLLED | |
| Uncontrolled term | التوراة |
| 942 ## - ADDED ENTRY ELEMENTS (KOHA) | |
| Source of classification or shelving scheme | Dewey Decimal Classification |
| Koha item type | كتب |
| حالة السحب | حالة الفقدان | مصدر التصنيف | حالة التلف | غير قابل للإعارة | المكتبة الرئيسية | المكتبة الحالية | موقع الرف | تاريخ التزويد | الرقم المتسلسل | Total Checkouts | رقم الإستدعاء | الباركود | تاريخ آخر ظهور | تاريخ الفاتورة | نوع المادة (كوها) |
|---|---|---|---|---|---|---|---|---|---|---|---|---|---|---|---|
| Dewey Decimal Classification | المكتبة المركزية | المكتبة المركزية | الإعارة | 28/07/2025 | 1399338 | 211.957501/شاع | PLD00160193 | 28/07/2025 | 28/07/2025 | كتب | |||||
| Dewey Decimal Classification | المكتبة المركزية | المكتبة المركزية | مقتنيات قسم التزويد | 28/07/2025 | 1729606 | 211.957501/شاع | 28/07/2025 | 28/07/2025 | كتب | ||||||
| Dewey Decimal Classification | مكتبة أبو علندا العامة | مكتبة أبو علندا العامة | الإعارة | 31/08/2010 | 1399339 | 211.957501/شاع | PLD00160373 | 28/07/2025 | 31/08/2010 | كتب | |||||
| Dewey Decimal Classification | مكتبة الاميرة بديعة | مكتبة الاميرة بديعة | الإعارة | 31/08/2010 | 1399341 | 211.957501/شاع | PLD00160371 | 28/07/2025 | 31/08/2010 | كتب |